000 00429nam a2200181Ia 4500
001 2035
005 20260306143812.0
008 260306t2016||||xx |||||||||||||| ||spa||
041 _aESP
082 _a611.0181
_bD36
100 _aDe Robertis, Edward M.,
_eAUT
245 0 _aBiología celular y molecular
260 _c2016
300 _aXII, 463 páginas :
_c
650 _aGEN
654 _aCCS
942 _cLIB
_dJUS
_fJUS
_2ddc
_n
999 _c2035
_d2035